000 00385nam a2200145Ia 4500
008 231129s1999||||xx |||||||||||||| ||spa||
020 _a84-339-2089-8
040 _bspa
082 _a823 K96b
100 _aKureishi Hanif
245 0 _aEl buda de los suburbios
260 _c1999
264 _aBarcelona EspaƱa : Anagrama
942 _2ddc
_cBKS
999 _c10383
_d10383